000
003150000a22001330004500
005
20250903142401.0
020
_a
0387507892
082
_a
581.873 PLA.02
100
_a
Y P S Bajaj
245
_a
Plant Protoplasts and Genetic Engineering II
260
_a
USA, Springer-Verlag
_c
1989
300
_a
499
942
_c
BK
999
_c
357749
_d
357749